000 00841cam a2200253 a 4500
001 4978321
005 20180227083427.0
008 980223s1999 nyu b 000 0 eng
010 _a 98006092
020 _a0415915732 (HB : alk. paper)
020 _a0415915740 (PB : alk. paper)
040 _aDLC
_cDLC
_dDLC
041 _aeng
043 _an-us---
080 _a306.850973 STE
082 0 0 _a306.850973 STE
_221
100 _a49
101 _aSOC
245 0 0 _aAmerican families :
_cedited by Stephanie Coontz with Maya Parson and Gabrielle Raley.
504 _aIncludes bibliographical references (p. [491]-499).
906 _a7
_bcbc
_corignew
_d1
_eocip
_f19
_gy-gencatlg
942 _2ddc
_cBK
999 _c43634
_d43634